Responses for show #4915 - Friday, January 13, 2006

Kevin Marshall game 4.

Contestants

Michelle Hickman, a stay-at-home mom from Shoreline, Washington

David Grant, a freelance communications business consultant from the Bronx, New York

Kevin Marshall, a student from Metairie, Louisiana (whose 3-day cash winnings total $56,801)

Jeopardy! Round responses

NEW YORK STATE
LET'S GO "2" THE MOVIES
POLITICAL KISS-OFF
DOUBLE DAILIES
19th CENTURY NAMES
PROVERBS BY INITIALS
    $200 11
Lucille Ball

David
    $200 1
Shrek 2

Michelle
    $200 26
Harry Truman

David
    $200 21
Starbucks

Kevin
    $200 16
Rip Van Winkle

David
    $200 6
thicker than water

Michelle
    $400 12
Buffalo

David
    $400 2
Spider-Man 2

Michelle
    $400 27
(Alex: Yes, [*], president of France!)

Chirac

David
    $400 22
a double bogey

David
    $400 17
Pasteur

Kevin
    $400 7
before you leap

Michelle
    $600 13
L. Frank Baum

David
    $400 3
Speed 2(: Cruise Control)

Michelle
    $600 28
Vladimir Putin

David
    $600 23
Shamu

Kevin
    $600 18
(George) Pullman

Kevin
    $600 8
two heads are (two hands are accepted)

Kevin
    $800 14
Cooperstown

David
    $800 4
Legally Blonde 2

Kevin
    $800 29
Gray Davis

Kevin
    $800 24
blackjack

Kevin
    $800 19
Percy Shelley

Kevin
    $800 9
pot never boils

Kevin
    $1000 15
the Adirondacks

Kevin
    $1000 5
Toy Story 2

Michelle
    $1000 30
Sam Rayburn

David
    $1000 25
a double negative

Michelle
    $1000 20
(David: Who is Atatürk?)
...
(Alex: Atatürk was Turkey; [*] is the one we're talking to--talking about here in Egypt.)

Muhammad Ali

David
Triple Stumper
    $1000 10
(Kevin: This is... so... true... fiction.)

truth is stranger than

KevinDavid

Scores at the first commercial break (after clue 15):

Kevin David Michelle
$2,200 $3,000 $2,600

Scores at the end of the Jeopardy! Round:

Kevin David Michelle
$6,400 $4,800 $3,600

Double Jeopardy! Round responses

OLD HAMPSHIRE
IN A MUSICAL MOOD
DRAMATISTS
IT'S THE BERRIES
AN "A" IN SCIENCE
SPORTS PAGE CLICHÉS
    $400 26
the Roman Empire

Kevin
    $400 1
(Kevin: What is Clementine?)
(Alex: No.)
(Kevin: Oh My Darling Clementine?)
(Alex: No. David or Michelle? The movie was called [*]. Not Oh My Darling like the song.)

My Darling Clementine

Kevin
Triple Stumper
    $400 6
Shakespeare

Michelle
    $400 11
strawberry

Michelle
    $400 16
the atmosphere

David
    $400 21
(Kevin: What is losing--or firing--?)

firing the coach

Kevin
Triple Stumper
    $800 27
Charles Dickens

Michelle
    $800 2
(Alex: [*], yes. "Jingle Bells.")

1

Michelle
    $800 7
Eugene O'Neill

Kevin
    $800 12
a cranberry

David
    $800 17
an axon

Kevin
    $800 22
centimeters

Kevin
    $1200 28
(Alex: Guess an English king and in this case guess [*] and you would be right.)

Henry VIII

Triple Stumper
    $1200 3
(Michelle: [Mouths the lyrics trying to come to the response until time runs out, then laughs])

buffalo

KevinMichelle
    $1200 8
Shaw

Kevin
    $1200 13
blueberry

Michelle
    $1,000 18
(Kevin: What is a bingo snail?)
(Alex: Bingo snail! No, what is [*]? Remember, you're getting an "A" IN SCIENCE. Has to begin with the letter "A." Forgot that, didn't you, unfortunately?)
(Kevin: Wouldn't have mattered.)

abalone

Kevin
    $1200 23
against the wall

David
    $1600 29
Southampton

Kevin
    $1600 4
(Michelle: What is "Another One Bites The Dust"?)
...
(Alex: Yes, INXS.)

"Need You Tonight"

DavidMichelle
    $1600 9
Eugene Ionesco

David
    $1600 14
the gooseberry

Triple Stumper
    $1600 19
albumen

Kevin
    $1600 24
(David: What is got whipped?)

beat ourselves

David
Triple Stumper
    $200 30
(Kevin: What is Essex?)
(Alex: Nooo, gosh, you were so close. It's the Western Anglo-Saxon. Hence, it's not Essex--it's on the west, it's [*].)

Wessex

Kevin
    $2000 5
Broadway & Herald Square

Kevin
    $2000 10
(David: Who is Aeschylus?)

August Strindberg

David
Triple Stumper
    $2000 15
(David: Uh... What is the Burbankberry?)
(Michelle: What's a marionberry?)

the loganberry

DavidMichelle
Triple Stumper
    $2000 20
azimuth

Kevin
    $2000 25
[ERRATUM: The clue as printed had a missing closing single quote after "team".]

win

David

Scores at the end of the Double Jeopardy! Round:

Kevin David Michelle
$16,800 $6,800 $2,400
(lock game)

[wagering suggestions for these scores]

Final Jeopardy! Round responses

LITERARY HISTORY
(Alex: This is not like Ghostbusters, "Who you gonna call." This is "Who you gonna blame?")
...
(Alex: In her book, The Door, the butler actually did it.)
MichelleWho is the victim?
$0
DavidWho is the butler?
$1,000
KevinWho is Cain?
$200
the butler

Final scores:

Kevin David Michelle
$16,600 $7,800 $2,400
4-day champion: $73,401 2nd place: $2,000 3rd place: $1,000

Game dynamics:

Coryat scores:

Kevin David Michelle
$18,000 $6,800 $2,600
21 R,
5 W
(including 2 DDs)
17 R,
4 W
12 R
(including 1 DD),
3 W

Combined Coryat: $27,400

The J! Archive is created by fans, for fans. The Jeopardy! game show and all elements thereof, including but not limited to copyright and trademark thereto, are the property of Jeopardy Productions, Inc. and are protected under law. This website is not affiliated with, sponsored by, or operated by Jeopardy Productions, Inc. Join the discussion at JBoard.tv.